000 00320nam a22001337a 4500
008 180118b xxu||||| |||| 00| 0 eng d
020 _a9780070028616
041 _aeng
080 _a004
100 _a28
101 _aSHK
245 _aObject-Oriented client/ serves application development
_cAYER,S
942 _2udc
_cBK
999 _c40447
_d40447